[Event "First Saturday GM Nov 2013"]
[Site "Budapest"]
[Date "2013.11.02"]
[Round "1.1"]
[White "Englert, Fabian"]
[Black "Farago, Ivan"]
[Result "1/2-1/2"]
[WhiteElo "2282"]
[BlackElo "2479"]
[PlyCount "90"]
[EventDate "2013.11.02"]

1. d4 Nf6 2. c4 e6 3. Nc3 Bb4 4. g3 d5 5. Bg2 O-O 6. Nf3 dxc4 7. O-O Nc6 8. a3
Bd6 9. Qa4 e5 10. dxe5 Nxe5 11. Nxe5 Bxe5 12. Rd1 Qe7 13. Qxc4 c6 14. Bf4 Be6
15. Qb4 Qxb4 16. axb4 Bxf4 17. gxf4 a6 18. Rd4 Rfd8 19. Rad1 Rxd4 20. Rxd4 Kf8
21. Ne4 Nxe4 22. Bxe4 Ke7 23. f3 f5 24. Bc2 a5 25. Kf2 axb4 26. Rxb4 b5 27. Bb3
Bd7 28. Rd4 c5 29. Bd5 Ra1 30. Rd2 Rh1 31. Kg2 Rc1 32. Bb3 Rb1 33. Ba2 Ra1 34.
Bg8 c4 35. e4 Ra2 36. Kf2 Be6 37. Bxe6 Kxe6 38. Ke3 b4 39. Rd4 Rxb2 40. Rxc4
fxe4 41. fxe4 b3 42. Rc7 Rb1 43. Rb7 b2 44. Kd3 Rd1+ 45. Kc2 Rh1 1/2-1/2

[Event "First Saturday GM Nov 2013"]
[Site "Budapest"]
[Date "2013.11.02"]
[Round "1.2"]
[White "Matsenko, Sergei"]
[Black "Sevian, Samuel"]
[Result "1/2-1/2"]
[WhiteElo "2454"]
[BlackElo "2384"]
[PlyCount "68"]
[EventDate "2013.11.02"]

1. e4 e5 2. Nf3 Nc6 3. Bb5 a6 4. Ba4 Nf6 5. O-O Be7 6. Re1 b5 7. Bb3 O-O 8. h3
Bb7 9. d3 d5 10. exd5 Nxd5 11. Nxe5 Nxe5 12. Rxe5 Qd6 13. Re1 c5 14. Nd2 Rae8
15. a4 Bd8 16. Ne4 Qc6 17. axb5 axb5 18. c4 Nb4 19. cxb5 Qg6 20. Bf4 Bb6 21.
Bc4 h6 22. Re3 Bxe4 23. dxe4 Rxe4 24. Rxe4 Qxe4 25. Qc1 Rd8 26. Bg3 Nc2 27. Ra4
Rd4 28. b3 Ne1 29. Bf1 Nd3 30. Qb1 Nxf2 31. Qxe4 Nxe4 32. Bf2 Nxf2 33. Kxf2 c4
34. Kf3 cxb3 1/2-1/2

[Event "First Saturday GM Nov 2013"]
[Site "Budapest"]
[Date "2013.11.02"]
[Round "1.4"]
[White "Vavulin, Maksim"]
[Black "Arngrimsson, Dagur"]
[Result "1-0"]
[WhiteElo "2405"]
[BlackElo "2397"]
[PlyCount "83"]
[EventDate "2013.11.02"]

1. e4 e5 2. Nf3 Nc6 3. Bb5 a6 4. Ba4 Nf6 5. O-O Nxe4 6. d4 b5 7. Bb3 d5 8. dxe5
Be6 9. Be3 Be7 10. c3 O-O 11. Qe2 Nc5 12. h3 d4 13. Bxe6 d3 14. Bxf7+ Rxf7 15.
Qd1 Qd5 16. Bxc5 Bxc5 17. Qb3 Rd8 18. Re1 Bb6 19. Nbd2 Na5 20. Qxd5 Rxd5 21.
Re4 Re7 22. Rae1 Re6 23. h4 h6 24. h5 Nb7 25. Nb3 Re8 26. g3 Nd8 27. c4 bxc4
28. Rxc4 Ne6 29. Kg2 Rf8 30. Rd1 Ng5 31. Nbd2 Ne6 32. Re4 Rf5 33. g4 Nf4+ 34.
Kh2 Rf8 35. e6 Ne2 36. Nh4 c6 37. f4 g5 38. hxg6 Bc7 39. Nf5 Re8 40. e7 h5 41.
Kh3 hxg4+ 42. Kxg4 1-0

[Event "First Saturday GM Nov 2013"]
[Site "Budapest"]
[Date "2013.11.04"]
[Round "2.1"]
[White "Farago, Ivan"]
[Black "Dobrov, Vladimir"]
[Result "1/2-1/2"]
[WhiteElo "2479"]
[BlackElo "2528"]
[PlyCount "27"]
[EventDate "2013.11.02"]

1. d4 Nf6 2. c4 c5 3. d5 b5 4. cxb5 a6 5. bxa6 g6 6. Nc3 Bxa6 7. Nf3 d6 8. e4
Bxf1 9. Kxf1 Nbd7 10. g3 Bg7 11. Kg2 O-O 12. Qe2 Qa5 13. a4 Rfb8 14. Ra3
1/2-1/2

[Event "First Saturday GM Nov 2013"]
[Site "Budapest"]
[Date "2013.11.04"]
[Round "2.2"]
[White "Arngrimsson, Dagur"]
[Black "Czebe, Attila"]
[Result "1-0"]
[WhiteElo "2397"]
[BlackElo "2458"]
[PlyCount "99"]
[EventDate "2013.11.02"]

1. d4 d6 2. Nf3 g6 3. c4 Bg7 4. Nc3 Bg4 5. e3 Nf6 6. Be2 O-O 7. O-O c5 8. h3
Bf5 9. b3 Ne4 10. Bb2 Nxc3 11. Bxc3 Nc6 12. Qd2 cxd4 13. Nxd4 Nxd4 14. Bxd4
Bxd4 15. Qxd4 Qa5 16. Rfd1 Qc5 17. Qxc5 dxc5 18. Rd5 b6 19. Bg4 Be4 20. Re5 f5
21. Rxe7 Rad8 22. Rd1 fxg4 23. Rxd8 Rxd8 24. Rxe4 Rd1+ 25. Kh2 Rd2 26. Re7 Rxa2
27. Kg3 gxh3 28. gxh3 Ra3 29. Kf4 h5 30. Kg5 Rxb3 31. Kf6 a5 32. Kxg6 Kf8 33.
Kf6 h4 34. f4 Rd3 35. Re6 a4 36. e4 Rd4 37. f5 a3 38. e5 Rxc4 39. Rxb6 Ra4 40.
Rb1 a2 41. Ra1 Ra6+ 42. Kg5 Ra4 43. Kg6 Ra3 44. f6 Ke8 45. e6 Rg3+ 46. Kf5 Rg2
47. Ke4 Rd2 48. Rg1 Kf8 49. Ke3 Rg2 50. Rd1 1-0

[Event "First Saturday GM Nov 2013"]
[Site "Budapest"]
[Date "2013.11.04"]
[Round "2.3"]
[White "Sean, Winshand Cuhendi"]
[Black "Vavulin, Maksim"]
[Result "0-1"]
[WhiteElo "2317"]
[BlackElo "2405"]
[PlyCount "82"]
[EventDate "2013.11.02"]

1. e4 e5 2. Nf3 Nc6 3. Bb5 a6 4. Ba4 Nge7 5. c3 g6 6. d4 exd4 7. cxd4 b5 8. Bc2
Bg7 9. d5 Na5 10. Nbd2 O-O 11. Rb1 c5 12. b3 d6 13. O-O Qc7 14. Re1 Nb7 15. Nf1
Bd7 16. Bf4 f6 17. h4 Nd8 18. Qd2 Nf7 19. Ne3 Rae8 20. Rbc1 Qc8 21. b4 c4 22.
Nd4 Ne5 23. Bg3 f5 24. exf5 gxf5 25. Ne2 N7g6 26. h5 f4 27. hxg6 fxe3 28. gxh7+
Kh8 29. fxe3 c3 30. Qd1 Bg4 31. Bxe5 Bxe5 32. Bg6 Qd8 33. Qc2 Bh2+ 34. Kxh2
Qh4+ 35. Kg1 Qf2+ 36. Kh1 Qh4+ 37. Kg1 Qf2+ 38. Kh1 Rxe3 39. Ng1 Qh4+ 40. Nh3
Rxh3+ 41. gxh3 Bf3+ 0-1

[Event "First Saturday GM Nov 2013"]
[Site "Budapest"]
[Date "2013.11.04"]
[Round "2.4"]
[White "Sevian, Samuel"]
[Black "Troff, Kayden W"]
[Result "1/2-1/2"]
[WhiteElo "2384"]
[BlackElo "2457"]
[PlyCount "237"]
[EventDate "2013.11.02"]

1. e4 c5 2. Nf3 d6 3. d4 cxd4 4. Nxd4 Nf6 5. Nc3 a6 6. Be3 e5 7. Nb3 Be7 8. f3
Be6 9. Qd2 O-O 10. O-O-O Nbd7 11. g4 b5 12. g5 b4 13. Ne2 Ne8 14. f4 a5 15. f5
Bxb3 16. cxb3 a4 17. bxa4 Rxa4 18. Kb1 Rxa2 19. Nc1 Ra8 20. Nb3 Qc7 21. Bb5 Nc5
22. Nxc5 dxc5 23. f6 gxf6 24. gxf6 Bxf6 25. Rhg1+ Kh8 26. Bc4 Bg7 27. Qf2 f5
28. exf5 Qa5 29. Qh4 b3 30. Bxb3 e4 31. Rxg7 Nxg7 32. Bd2 Qb5 33. Qg3 Qd3+ 34.
Qxd3 exd3 35. Bc3 Rxf5 36. Rxd3 Rf1+ 37. Kc2 Rf2+ 38. Rd2 Raf8 39. Be5 h5 40.
Rxf2 Rxf2+ 41. Kd3 Rf3+ 42. Kc4 h4 43. Ba2 Re3 44. Kd5 Kh7 45. Bb1+ Kg8 46. Bg6
h3 47. Bf4 Re2 48. Be5 c4 49. Bg3 Rxb2 50. Kxc4 Ne6 51. Kc3 Rg2 52. Bf5 Ng5 53.
Bh4 Nf7 54. Bg3 Ng5 55. Bh4 Nf3 56. Bxh3 Rxh2 57. Be6+ Kg7 58. Bd8 Rh8 59. Bb6
Kf6 60. Bd5 Rc8+ 61. Kd3 Ne5+ 62. Ke4 Nd7 63. Bd4+ Ke7 64. Kd3 Rd8 65. Ke3 Kd6
66. Bf3 Rb8 67. Be4 Rb3+ 68. Kd2 Ra3 69. Ke2 Nb8 70. Kd2 Na6 71. Bc3 Ra4 72.
Bc2 Rh4 73. Bb2 Rh2+ 74. Kc3 Rh3+ 75. Kc4 Nc5 76. Bd4 Rh4 77. Kc3 Ne6 78. Ba7
Rh3+ 79. Kc4 Rh4+ 80. Kc3 Kc6 81. Be3 Nc7 82. Bb3 Nb5+ 83. Kd3 Nd6 84. Be6 Ra4
85. Bb3 Rg4 86. Bf2 Rb4 87. Bd1 Kd5 88. Bf3+ Ke6 89. Bd1 Nf5 90. Bc5 Rh4 91.
Bf2 Rh2 92. Ba7 Rh3+ 93. Ke4 Nd6+ 94. Kf4 Rd3 95. Bg4+ Kf6 96. Bf2 Ra3 97. Bd4+
Kg6 98. Bd1 Ra2 99. Bb3 Rh2 100. Be5 Rh4+ 101. Kf3 Rh3+ 102. Kg4 Rxb3 103. Bxd6
Rb6 104. Bf4 Rb4 105. Kf3 Kf5 106. Bd2 Rb3+ 107. Be3 Ra3 108. Kf2 Ke4 109. Bb6
Rf3+ 110. Kg2 Rb3 111. Bc5 Rc3 112. Ba7 Rf3 113. Bb8 Ke3 114. Bg3 Rf8 115. Bd6
Rg8+ 116. Kh1 Kf3 117. Bh2 Kf2 118. Bc7 Rg6 119. Bh2 1/2-1/2

[Event "First Saturday GM Nov 2013"]
[Site "Budapest"]
[Date "2013.11.04"]
[Round "2.5"]
[White "Englert, Fabian"]
[Black "Matsenko, Sergei"]
[Result "1/2-1/2"]
[WhiteElo "2282"]
[BlackElo "2454"]
[PlyCount "43"]
[EventDate "2013.11.02"]

1. d4 d5 2. c4 c6 3. Nf3 Nf6 4. Nc3 e6 5. cxd5 exd5 6. Qc2 Be7 7. Bg5 g6 8. e4
dxe4 9. Bxf6 Bxf6 10. Qxe4+ Qe7 11. Bc4 Bf5 12. Qxe7+ Kxe7 13. O-O-O Rd8 14. h3
b5 15. Bb3 Na6 16. Rhe1+ Be6 17. Ne4 Nc7 18. Neg5 h6 19. Nxe6 Nxe6 20. Ne5 Bxe5
21. Rxe5 Rd6 22. d5 1/2-1/2

[Event "First Saturday GM Nov 2013"]
[Site "Budapest"]
[Date "2013.11.05"]
[Round "3.1"]
[White "Matsenko, Sergei"]
[Black "Farago, Ivan"]
[Result "1-0"]
[WhiteElo "2454"]
[BlackElo "2479"]
[PlyCount "73"]
[EventDate "2013.11.02"]

1. e4 e6 2. d4 d5 3. Nc3 Nf6 4. Bg5 dxe4 5. Nxe4 Nbd7 6. Nf3 h6 7. Nxf6+ Nxf6
8. Bh4 c5 9. Bb5+ Bd7 10. Bxd7+ Qxd7 11. Qe2 cxd4 12. O-O-O Bc5 13. Qe5 Qe7 14.
Nxd4 O-O-O 15. Nb5 b6 16. c4 a6 17. Nc3 Rxd1+ 18. Rxd1 Rd8 19. Rxd8+ Qxd8 20.
Ne4 Qd3 21. Nxc5 Qxc4+ 22. Qc3 Qxc3+ 23. bxc3 bxc5 24. Bxf6 gxf6 25. g4 Kd7 26.
Kd2 Kd6 27. Kd3 Kd5 28. h4 c4+ 29. Ke3 Ke5 30. f4+ Kd5 31. h5 e5 32. Kf3 Kd6
33. g5 fxg5 34. fxg5 Ke7 35. gxh6 Kf8 36. Ke4 f6 37. Kd5 1-0

[Event "First Saturday GM Nov 2013"]
[Site "Budapest"]
[Date "2013.11.05"]
[Round "3.2"]
[White "Troff, Kayden W"]
[Black "Englert, Fabian"]
[Result "1/2-1/2"]
[WhiteElo "2457"]
[BlackElo "2282"]
[PlyCount "67"]
[EventDate "2013.11.02"]

1. d4 d5 2. c4 e6 3. Nf3 a6 4. g3 dxc4 5. Bg2 b5 6. a4 Bb7 7. O-O Nf6 8. b3
cxb3 9. axb5 axb5 10. Rxa8 Bxa8 11. Qxb3 b4 12. Bf4 Nbd7 13. Rc1 Nd5 14. Bd2
Be7 15. Ne1 c5 16. e4 N5f6 17. dxc5 Nxc5 18. Qxb4 Ncd7 19. Qb5 O-O 20. e5 Nd5
21. Ba5 Qe8 22. Nd3 Nb8 23. Qxe8 Rxe8 24. Nc3 Nxc3 25. Rxc3 Bxg2 26. Kxg2 Nd7
27. Rc7 Nf8 28. Ra7 Ng6 29. Bc7 Bf8 30. Kf3 h5 31. Ke4 Ne7 32. Nf4 g6 33. Rb7
Ra8 34. Rb8 1/2-1/2

[Event "First Saturday GM Nov 2013"]
[Site "Budapest"]
[Date "2013.11.05"]
[Round "3.3"]
[White "Vavulin, Maksim"]
[Black "Sevian, Samuel"]
[Result "0-1"]
[WhiteElo "2405"]
[BlackElo "2384"]
[PlyCount "84"]
[EventDate "2013.11.02"]

1. e4 e5 2. Nf3 Nc6 3. Bb5 a6 4. Ba4 Nf6 5. O-O Be7 6. Re1 b5 7. Bb3 O-O 8. h3
Bb7 9. d3 d5 10. exd5 Nxd5 11. Nxe5 Nxe5 12. Rxe5 Qd6 13. Re1 Rae8 14. Nd2 c5
15. a4 c4 16. dxc4 Nf4 17. Nf3 Nxh3+ 18. Kf1 Qg6 19. Qd7 Bxf3 20. Qxh3 Bg4 21.
Qh2 bxc4 22. Bxc4 Qxc2 23. Qf4 Qg6 24. Be3 Bd6 25. Qg5 Rxe3 26. Qxe3 Qh5 27. f3
Bc5 28. Qd3 Bf5 29. Bxf7+ Qxf7 30. Qxa6 Qh5 31. Qc4+ Kh8 32. Ke2 Re8+ 33. Kd1
Rxe1+ 34. Kxe1 Qh1+ 35. Kd2 Qxg2+ 36. Qe2 Bb4+ 37. Ke3 Qg5+ 38. Kf2 Bc5+ 39.
Ke1 Qg1+ 40. Qf1 Bb4+ 41. Ke2 Qh2+ 42. Qf2 Bd3+ 0-1

[Event "First Saturday GM Nov 2013"]
[Site "Budapest"]
[Date "2013.11.06"]
[Round "4.1"]
[White "Farago, Ivan"]
[Black "Arngrimsson, Dagur"]
[Result "1/2-1/2"]
[WhiteElo "2479"]
[BlackElo "2397"]
[PlyCount "27"]
[EventDate "2013.11.02"]

1. d4 d5 2. c4 c6 3. Nf3 Nf6 4. Nc3 dxc4 5. a4 Bf5 6. Ne5 Nbd7 7. Nxc4 Nb6 8.
Ne5 a5 9. f3 Nfd7 10. e4 Nxe5 11. exf5 Ned7 12. Be3 g6 13. fxg6 hxg6 14. d5
1/2-1/2

[Event "First Saturday GM Nov 2013"]
[Site "Budapest"]
[Date "2013.11.06"]
[Round "4.2"]
[White "Sean, Winshand Cuhendi"]
[Black "Dobrov, Vladimir"]
[Result "1-0"]
[WhiteElo "2317"]
[BlackElo "2528"]
[PlyCount "59"]
[EventDate "2013.11.02"]

1. e4 c6 2. d4 d5 3. Nc3 dxe4 4. Nxe4 Bf5 5. Ng3 Bg6 6. h4 h6 7. Nf3 Nd7 8. h5
Bh7 9. Bd3 Bxd3 10. Qxd3 e6 11. Bd2 Ngf6 12. O-O-O Be7 13. Kb1 O-O 14. Ne4 c5
15. g4 Nxg4 16. Qe2 Qb6 17. Ne5 Ngxe5 18. dxe5 Nxe5 19. Rhg1 Kh7 20. Bc3 f6 21.
f4 Nc6 22. Rxg7+ Kxg7 23. Qg4+ Kh8 24. Qg6 c4 25. Qxh6+ Kg8 26. Qg6+ Kh8 27.
Nxf6 Bxf6 28. Bxf6+ Rxf6 29. Qxf6+ Kg8 30. h6 1-0

[Event "First Saturday GM Nov 2013"]
[Site "Budapest"]
[Date "2013.11.06"]
[Round "4.3"]
[White "Sevian, Samuel"]
[Black "Czebe, Attila"]
[Result "1/2-1/2"]
[WhiteElo "2384"]
[BlackElo "2458"]
[PlyCount "88"]
[EventDate "2013.11.02"]

1. e4 e5 2. Nf3 Nc6 3. Bb5 a6 4. Ba4 Nge7 5. c3 g6 6. d4 exd4 7. cxd4 b5 8. Bc2
d5 9. exd5 Nxd5 10. O-O Be6 11. Nc3 Bg7 12. Bg5 Nxc3 13. bxc3 Qd7 14. Nd2 O-O
15. Ne4 Bc4 16. Re1 Rae8 17. Qf3 Bd5 18. Nc5 Rxe1+ 19. Rxe1 Re8 20. Rxe8+ Qxe8
21. Qe3 Qxe3 22. fxe3 a5 23. a4 b4 24. cxb4 Nxb4 25. Bd1 Bf8 26. Nd7 Bd6 27.
Nf6+ Kg7 28. Ne8+ Kf8 29. Nxd6 cxd6 30. Bd8 Nc6 31. Bf6 Ke8 32. Kf2 Nb4 33. Kg3
Bc6 34. Bb3 Bd5 35. Bd1 h5 36. h4 Kd7 37. Bg5 Kc7 38. Kh2 Nd3 39. Bc2 Nb4 40.
Bd1 Na2 41. e4 Bxe4 42. Bb3 Nb4 43. Bxf7 Kc6 44. Bc4 Bc2 1/2-1/2

[Event "First Saturday GM Nov 2013"]
[Site "Budapest"]
[Date "2013.11.06"]
[Round "4.4"]
[White "Englert, Fabian"]
[Black "Vavulin, Maksim"]
[Result "0-1"]
[WhiteElo "2282"]
[BlackElo "2405"]
[PlyCount "126"]
[EventDate "2013.11.02"]

1. e4 e5 2. Nf3 Nc6 3. Nc3 Nf6 4. Be2 d6 5. d4 exd4 6. Nxd4 Be7 7. Be3 O-O 8.
O-O Ne5 9. h3 Re8 10. Qd2 c6 11. Rad1 Qc7 12. f4 Ng6 13. Nf3 Bf8 14. f5 Ne5 15.
Nxe5 dxe5 16. a3 b5 17. Bd3 a5 18. Qf2 b4 19. axb4 axb4 20. Nb1 Ba6 21. Nd2 c5
22. b3 Red8 23. Qe2 Bxd3 24. cxd3 Ra2 25. Ra1 Qa7 26. Rxa2 Qxa2 27. Rc1 Qb2 28.
Qf1 Nh5 29. Qd1 Nf4 30. Bxf4 exf4 31. Nf3 g6 32. fxg6 hxg6 33. Kh2 Ra8 34. Rb1
Qf2 35. Qe1 Qc2 36. Qd1 Ra2 37. Qxc2 Rxc2 38. h4 Bg7 39. Kh3 Rc3 40. Ne1 Bd4
41. Kg4 Be3 42. Kf3 Bd2 43. Ke2 Bxe1 44. Rxe1 Rxb3 45. Rc1 Rc3 46. Ra1 Kg7 47.
Ra7 Rc2+ 48. Kf3 Rd2 49. Kxf4 Rxd3 50. Rc7 Rc3 51. e5 Rc4+ 52. Kg5 Re4 53. g4
Rxe5+ 54. Kf4 Rd5 55. Rb7 Rd4+ 56. Kg5 b3 57. h5 gxh5 58. Rxb3 hxg4 59. Rc3 c4
60. Kf5 Kh6 61. Ke5 Rd3 62. Rxc4 Kg5 63. Ke4 Rf3 0-1

[Event "First Saturday GM Nov 2013"]
[Site "Budapest"]
[Date "2013.11.06"]
[Round "4.5"]
[White "Matsenko, Sergei"]
[Black "Troff, Kayden W"]
[Result "1-0"]
[WhiteElo "2454"]
[BlackElo "2457"]
[PlyCount "77"]
[EventDate "2013.11.02"]

1. e4 c5 2. Nf3 d6 3. d4 cxd4 4. Nxd4 Nf6 5. Nc3 a6 6. Be2 e5 7. Nb3 Be7 8. O-O
O-O 9. Re1 Be6 10. Bf3 Nbd7 11. a4 Qb8 12. Nd2 Rc8 13. Nf1 Bd8 14. Ne3 Ba5 15.
Bd2 Qc7 16. Nf5 Nb6 17. g4 Nc4 18. g5 Nxb2 19. Qc1 Ne8 20. Nd5 Bxd5 21. Bxa5
Qxa5 22. Qxb2 Rc3 23. Ne7+ Kf8 24. Nxd5 Rxf3 25. Kg2 Rf4 26. Qxb7 Qd8 27. Nxf4
exf4 28. h4 Rb8 29. Qd5 Nc7 30. Qf5 Ne6 31. Rab1 Ke7 32. Qd5 Qc7 33. Rxb8 Qxb8
34. Rd1 f6 35. Rd3 Nc5 36. Rf3 Qb2 37. Rxf4 Qe5 38. gxf6+ gxf6 39. Rg4 1-0

[Event "First Saturday GM Nov 2013"]
[Site "Budapest"]
[Date "2013.11.07"]
[Round "5.1"]
[White "Troff, Kayden W"]
[Black "Farago, Ivan"]
[Result "0-1"]
[WhiteElo "2457"]
[BlackElo "2479"]
[PlyCount "84"]
[EventDate "2013.11.02"]

1. d4 Nf6 2. c4 e6 3. g3 d5 4. Nf3 Bb4+ 5. Bd2 Be7 6. Bg2 O-O 7. O-O Nbd7 8. a4
a5 9. Qc2 c6 10. Nc3 b6 11. cxd5 Nxd5 12. Ne4 Bb7 13. Neg5 N5f6 14. Ne5 h6 15.
Nxe6 fxe6 16. Nxc6 Rc8 17. Qc4 Bxc6 18. Bxc6 Rf7 19. Qb5 Nf8 20. e3 Bb4 21.
Bxb4 axb4 22. Bg2 Qd6 23. a5 bxa5 24. Rxa5 Rc2 25. Ra6 Qe7 26. h3 Rxb2 27. e4
Qd8 28. e5 Ne8 29. Qc5 Nc7 30. Rd6 Qg5 31. Rc6 Qd2 32. d5 Nxd5 33. Rd6 Rc2 34.
Rxd5 exd5 35. Qxd5 Ng6 36. Qe6 Rc1 37. Rxc1 Qxc1+ 38. Kh2 Qc2 39. Bd5 Qxf2+ 40.
Kh1 Qe1+ 41. Kg2 Qe2+ 42. Kh1 Nxe5 0-1

[Event "First Saturday GM Nov 2013"]
[Site "Budapest"]
[Date "2013.11.07"]
[Round "5.3"]
[White "Czebe, Attila"]
[Black "Englert, Fabian"]
[Result "0-1"]
[WhiteElo "2458"]
[BlackElo "2282"]
[PlyCount "52"]
[EventDate "2013.11.02"]

1. e4 c5 2. Nc3 a6 3. g3 b5 4. Bg2 Bb7 5. Nge2 e6 6. O-O Nf6 7. d3 b4 8. Na4 d5
9. exd5 Bxd5 10. Bxd5 exd5 11. Bg5 Nbd7 12. d4 c4 13. Nf4 Be7 14. Nc5 O-O 15.
Nxd7 Qxd7 16. Re1 h6 17. Rxe7 Qxe7 18. Nxd5 Qe4 19. Nxf6+ gxf6 20. Bxh6 Rfd8
21. Be3 Rab8 22. Qd2 a5 23. Re1 Re8 24. d5 Rb5 25. Rd1 Re5 26. Qd4 Rbxd5 0-1

[Event "First Saturday GM Nov 2013"]
[Site "Budapest"]
[Date "2013.11.07"]
[Round "5.4"]
[White "Dobrov, Vladimir"]
[Black "Sevian, Samuel"]
[Result "1-0"]
[WhiteElo "2528"]
[BlackElo "2384"]
[PlyCount "81"]
[EventDate "2013.11.02"]

1. Nf3 d5 2. d4 Nf6 3. c4 c6 4. Nbd2 Bf5 5. Nh4 Be6 6. e3 g6 7. Bd3 Bg7 8. O-O
O-O 9. Rb1 dxc4 10. Nxc4 b5 11. Ne5 Bxa2 12. Ra1 Bd5 13. Qc2 Nfd7 14. e4 Be6
15. f4 Qb6 16. Nef3 Bxd4+ 17. Kh1 Bg7 18. Ng5 Bc4 19. e5 Qd4 20. Rd1 Bxd3 21.
Rxd3 Qc4 22. Qd1 e6 23. b3 Qc5 24. Bb2 Qe7 25. Qg4 f5 26. Nxg6 hxg6 27. Qh4 Re8
28. Qh7+ Kf8 29. Qxg6 Kg8 30. Qh7+ Kf8 31. Rg3 Bxe5 32. Qh6+ Qg7 33. Nh7+ Ke7
34. Qh4+ Kf7 35. Qh5+ Ke7 36. Rxg7+ Bxg7 37. Bxg7 Kd8 38. Rd1 Na6 39. Qf7 Nac5
40. b4 Re7 41. Bf6 1-0

[Event "First Saturday GM Nov 2013"]
[Site "Budapest"]
[Date "2013.11.07"]
[Round "5.5"]
[White "Arngrimsson, Dagur"]
[Black "Sean, Winshand Cuhendi"]
[Result "1/2-1/2"]
[WhiteElo "2397"]
[BlackElo "2317"]
[PlyCount "78"]
[EventDate "2013.11.02"]

1. Nf3 Nf6 2. g3 g6 3. Bg2 Bg7 4. O-O O-O 5. d4 d6 6. c4 Nc6 7. d5 Na5 8. Na3
c5 9. dxc6 Nxc6 10. Nb5 Bd7 11. Nfd4 Rc8 12. Nxc6 bxc6 13. Nc3 Ng4 14. Bd2 Rb8
15. b3 Qc8 16. Rc1 f5 17. Bg5 Rf7 18. h3 Nf6 19. Qd2 Qc7 20. Rfd1 Qc8 21. c5 d5
22. Bxf6 Bxf6 23. Nxd5 cxd5 24. c6 Be6 25. c7 Rb6 26. Bxd5 Bxd5 27. Qxd5 Rd6
28. Qc5 Bd4 29. Qb4 Bb6 30. Rxd6 exd6 31. Qxd6 Bxc7 32. Qc6 Qd8 33. Kg2 Kg7 34.
e3 Bb6 35. Qb5 Qa8+ 36. f3 Re7 37. Re1 Qe8 38. Qc4 Rxe3 39. Rc1 Qe6 1/2-1/2

[Event "First Saturday GM Nov 2013"]
[Site "Budapest"]
[Date "2013.11.09"]
[Round "6.1"]
[White "Farago, Ivan"]
[Black "Sean, Winshand Cuhendi"]
[Result "0-1"]
[WhiteElo "2479"]
[BlackElo "2317"]
[PlyCount "74"]
[EventDate "2013.11.02"]

1. d4 Nf6 2. c4 g6 3. Nc3 Bg7 4. e4 d6 5. Be2 O-O 6. Bg5 Nbd7 7. Qd2 e5 8. d5
a5 9. Bd1 Nc5 10. Bc2 Bd7 11. Nge2 Qc8 12. f3 Kh8 13. g4 Ng8 14. h4 f6 15. Be3
Na6 16. O-O-O Rf7 17. Rdf1 Nb4 18. Bd1 c6 19. Kb1 cxd5 20. cxd5 b5 21. g5 f5
22. h5 Ne7 23. f4 gxh5 24. Rxh5 fxe4 25. Rfh1 Bf5 26. Ng3 exf4 27. Qh2 Be5 28.
Nxf5 Qxf5 29. Bg4 Qg6 30. Be6 Rg7 31. Rh6 fxe3 32. Qh3 Qxh6 33. Qxh6 Bxc3 34.
bxc3 Nd3 35. g6 Nxg6 36. Qxe3 Nge5 37. Qxe4 Nf2 0-1

[Event "First Saturday GM Nov 2013"]
[Site "Budapest"]
[Date "2013.11.09"]
[Round "6.2"]
[White "Sevian, Samuel"]
[Black "Arngrimsson, Dagur"]
[Result "1-0"]
[WhiteElo "2384"]
[BlackElo "2397"]
[PlyCount "119"]
[EventDate "2013.11.02"]

1. e4 e5 2. Nf3 Nc6 3. Bb5 a6 4. Ba4 Nf6 5. O-O Be7 6. Re1 b5 7. Bb3 d6 8. c3
O-O 9. h3 Na5 10. Bc2 c5 11. d4 Qc7 12. Nbd2 cxd4 13. cxd4 Nc6 14. Nb3 a5 15.
Be3 Nb4 16. Bb1 a4 17. Nbd2 Bd7 18. a3 Nc6 19. Bd3 Qb7 20. Qe2 Rab8 21. Rab1
exd4 22. Nxd4 Ne5 23. Bc2 Rfc8 24. f4 Nc6 25. Bd3 Nxd4 26. Bxd4 Ne8 27. Nf3 Be6
28. Rbc1 Rxc1 29. Rxc1 Bf6 30. Bxf6 Nxf6 31. Ng5 Bc4 32. Bxc4 bxc4 33. Rxc4 h6
34. Nf3 Nh5 35. Rb4 Qc7 36. Rxb8+ Qxb8 37. Qd2 Qb7 38. Qxd6 Qxe4 39. Qe5 Qb1+
40. Kh2 Nf6 41. Qd4 Kh7 42. Ne5 Qe1 43. Qd3+ Ne4 44. Nxf7 Kg8 45. Ne5 h5 46.
Qf3 Nd2 47. Qd5+ Kh7 48. Qd3+ Kg8 49. Nf3 Nxf3+ 50. Qxf3 h4 51. Qd5+ Kh8 52.
Qf3 Kg8 53. b4 Kf8 54. b5 Ke7 55. Qg4 Kf7 56. b6 Qe7 57. Qf5+ Kg8 58. Qd5+ Kh7
59. b7 Qc7 60. Qh5+ 1-0

[Event "First Saturday GM Nov 2013"]
[Site "Budapest"]
[Date "2013.11.09"]
[Round "6.3"]
[White "Englert, Fabian"]
[Black "Dobrov, Vladimir"]
[Result "1-0"]
[WhiteElo "2282"]
[BlackElo "2528"]
[PlyCount "113"]
[EventDate "2013.11.02"]

1. d4 Nf6 2. c4 c5 3. d5 e6 4. Nc3 exd5 5. cxd5 Bd6 6. Nf3 Bc7 7. d6 Ba5 8. Bg5
Qb6 9. Rb1 Ne4 10. Qd3 f5 11. Bd2 Nxd2 12. Nxd2 O-O 13. Nc4 Bxc3+ 14. bxc3 Qc6
15. e3 Rf6 16. Rd1 Qe4 17. Qxe4 fxe4 18. Be2 Nc6 19. O-O b6 20. Nd2 Rxd6 21.
Nxe4 Rxd1 22. Rxd1 Rb8 23. f4 Kf8 24. Nd6 Bb7 25. Bg4 Ba8 26. Bxd7 Rd8 27. Bg4
Ne7 28. e4 b5 29. Nxb5 Rxd1+ 30. Bxd1 Bxe4 31. Nxa7 Nd5 32. Nb5 Bd3 33. a4 Ke7
34. Bf3 Nxf4 35. Kf2 Bc4 36. Ke3 Nd5+ 37. Bxd5 Bxd5 38. g3 Kd7 39. Kd3 Kc6 40.
c4 Bg2 41. a5 Kb7 42. Nd6+ Ka6 43. Ne8 Kxa5 44. Kc3 Kb6 45. Nxg7 Kc6 46. Nh5
Kd6 47. Nf6 h6 48. Ng4 h5 49. Nf2 Ke5 50. Nd3+ Kf5 51. Nxc5 Kg4 52. Nd3 Bb7 53.
Kd4 Kh3 54. Ke5 Kxh2 55. Kf4 Kh3 56. c5 h4 57. Nf2+ 1-0

[Event "First Saturday GM Nov 2013"]
[Site "Budapest"]
[Date "2013.11.09"]
[Round "6.4"]
[White "Matsenko, Sergei"]
[Black "Czebe, Attila"]
[Result "1-0"]
[WhiteElo "2454"]
[BlackElo "2458"]
[PlyCount "69"]
[EventDate "2013.11.02"]

1. e4 e5 2. Nf3 Nc6 3. Bb5 a6 4. Ba4 Nge7 5. O-O g6 6. c3 Bg7 7. d4 exd4 8.
cxd4 O-O 9. Nc3 b5 10. Bb3 d6 11. h3 Na5 12. Bc2 Bb7 13. Bf4 Rc8 14. Rc1 c5 15.
d5 Nc4 16. b3 Nb2 17. Qd2 b4 18. Nd1 a5 19. Bh6 Nxd1 20. Bxg7 Kxg7 21. Rfxd1
Ng8 22. Bd3 Qf6 23. Re1 Rfe8 24. Re3 Re7 25. Rce1 a4 26. bxa4 Ra8 27. Bc2 Qb2
28. a3 Nf6 29. Rb1 Qa2 30. axb4 cxb4 31. Rxb4 Rc7 32. Bb3 Qa3 33. Ba2 Qc1+ 34.
Qxc1 Rxc1+ 35. Re1 1-0

[Event "First Saturday GM Nov 2013"]
[Site "Budapest"]
[Date "2013.11.09"]
[Round "6.5"]
[White "Troff, Kayden W"]
[Black "Vavulin, Maksim"]
[Result "1-0"]
[WhiteElo "2457"]
[BlackElo "2405"]
[PlyCount "57"]
[EventDate "2013.11.02"]

1. d4 Nf6 2. c4 e6 3. g3 c5 4. d5 exd5 5. cxd5 d6 6. Nc3 g6 7. Nf3 Bg7 8. Bg2
O-O 9. O-O Re8 10. Re1 a6 11. a4 Nbd7 12. e4 Qc7 13. h3 Rb8 14. Bf1 c4 15. a5
Nc5 16. e5 dxe5 17. d6 Qd8 18. Bxc4 Be6 19. Nxe5 Nh5 20. Nd5 Bf8 21. g4 Ng7 22.
b4 Bxd5 23. Qxd5 Nce6 24. d7 Re7 25. Be3 Nc7 26. Qf3 Nge6 27. Bxe6 Nxe6 28. Bb6
Ng5 29. Qg2 1-0

[Event "First Saturday GM Nov 2013"]
[Site "Budapest"]
[Date "2013.11.10"]
[Round "7.2"]
[White "Czebe, Attila"]
[Black "Troff, Kayden W"]
[Result "1/2-1/2"]
[WhiteElo "2458"]
[BlackElo "2457"]
[PlyCount "130"]
[EventDate "2013.11.02"]

1. Nf3 Nf6 2. c4 g6 3. Nc3 d5 4. cxd5 Nxd5 5. Qa4+ Nc6 6. Ne5 Qd6 7. Nxc6 Qxc6
8. Qxc6+ bxc6 9. g3 Bg7 10. Bg2 Be6 11. b3 O-O 12. Bb2 Nb4 13. O-O Rfd8 14. d3
Bg4 15. Rab1 Rab8 16. Rfe1 Bxc3 17. Bxc3 Nxa2 18. Bd2 Nb4 19. f3 Be6 20. Rec1
a5 21. Ra1 Rb5 22. Ra3 Bd5 23. Bf4 Rd7 24. Bh3 f5 25. d4 Be6 26. Be5 c5 27.
Rxc5 Rxc5 28. dxc5 Nc6 29. Bc3 Rd1+ 30. Kf2 Rc1 31. Bxa5 Nxa5 32. Rxa5 Bxb3 33.
Bg2 Bd5 34. e4 Rc2+ 35. Kg1 fxe4 36. fxe4 Bc6 37. Ra7 Rc1+ 38. Kf2 Rc2+ 39. Kg1
Rc1+ 40. Kf2 Rxc5 41. Rxc7 Rc2+ 42. Kg1 Bxe4 43. Rxc2 Bxc2 44. Kf2 Kf7 45. h4
h6 46. Ke3 Kf6 47. Bf3 Kf5 48. Be2 Ke5 49. Bf3 Bf5 50. Be2 Kd5 51. Bf3+ Kc4 52.
Be2+ Kc3 53. Bf3 g5 54. hxg5 hxg5 55. Be2 Kc2 56. Bf3 Kc1 57. Be2 Bc2 58. Bg4
Bg6 59. Be2 Be8 60. Bf3 Ba4 61. Bg4 Bc2 62. Be6 Bg6 63. Kf3 Bh5+ 64. Ke4 Kd2
65. Kf5 Ke3 1/2-1/2